| 000 | 00373nam a22001577a 4500 | ||
|---|---|---|---|
| 003 | SGT | ||
| 020 | _a9781119354994 | ||
| 082 |
_a616.0707 _bS22S |
||
| 100 | _aSpeight, Paul M. | ||
| 245 | _aShear's Cysts of the Oral and Maxillofacial Regions | ||
| 260 |
_bWiley Blackwell _c2022 |
||
| 300 | _a367 | ||
| 650 | _aOral Pathology | ||
| 653 | _aCysts | ||
| 942 |
_2ddc _cBK _01 |
||
| 999 |
_c26801 _d26801 |
||